<?xml version="1.0" encoding="UTF-8"?><?xml-stylesheet type="text/xsl" href="static/style.xsl"?><OAI-PMH xmlns="http://www.openarchives.org/OAI/2.0/" xmlns:xsi="http://www.w3.org/2001/XMLSchema-instance" xsi:schemaLocation="http://www.openarchives.org/OAI/2.0/ http://www.openarchives.org/OAI/2.0/OAI-PMH.xsd"><responseDate>2026-04-17T04:04:25Z</responseDate><request verb="GetRecord" identifier="oai:www.recercat.cat:2445/220950" metadataPrefix="marc">https://recercat.cat/oai/request</request><GetRecord><record><header><identifier>oai:recercat.cat:2445/220950</identifier><datestamp>2025-12-05T15:54:20Z</datestamp><setSpec>com_2072_1057</setSpec><setSpec>col_2072_478860</setSpec><setSpec>col_2072_478917</setSpec></header><metadata><record xmlns="http://www.loc.gov/MARC21/slim" xmlns:dcterms="http://purl.org/dc/terms/" xmlns:xsi="http://www.w3.org/2001/XMLSchema-instance" xmlns:doc="http://www.lyncode.com/xoai" xsi:schemaLocation="http://www.loc.gov/MARC21/slim http://www.loc.gov/standards/marcxml/schema/MARC21slim.xsd">
   <leader>00925njm 22002777a 4500</leader>
   <datafield ind2=" " ind1=" " tag="042">
      <subfield code="a">dc</subfield>
   </datafield>
   <datafield ind2=" " ind1=" " tag="720">
      <subfield code="a">Núñez, Alexa</subfield>
      <subfield code="e">author</subfield>
   </datafield>
   <datafield ind2=" " ind1=" " tag="720">
      <subfield code="a">Esquinas López, Cristina</subfield>
      <subfield code="e">author</subfield>
   </datafield>
   <datafield ind2=" " ind1=" " tag="720">
      <subfield code="a">Barrecheguren, Miriam</subfield>
      <subfield code="e">author</subfield>
   </datafield>
   <datafield ind2=" " ind1=" " tag="720">
      <subfield code="a">Calle, Myriam</subfield>
      <subfield code="e">author</subfield>
   </datafield>
   <datafield ind2=" " ind1=" " tag="720">
      <subfield code="a">Casamor, Ricard</subfield>
      <subfield code="e">author</subfield>
   </datafield>
   <datafield ind2=" " ind1=" " tag="720">
      <subfield code="a">Miravitlles Fernández, Marc</subfield>
      <subfield code="e">author</subfield>
   </datafield>
   <datafield ind2=" " ind1=" " tag="260">
      <subfield code="c">2025-05-12T15:40:21Z</subfield>
   </datafield>
   <datafield ind2=" " ind1=" " tag="260">
      <subfield code="c">2025-05-12T15:40:21Z</subfield>
   </datafield>
   <datafield ind2=" " ind1=" " tag="260">
      <subfield code="c">2018-11-26</subfield>
   </datafield>
   <datafield ind2=" " ind1=" " tag="260">
      <subfield code="c">2025-05-12T15:40:21Z</subfield>
   </datafield>
   <datafield ind2=" " ind1=" " tag="520">
      <subfield code="a">Purpose: The aim of this study was to evaluate the impact of morning symptoms in COPD using the Capacity of Daily Living during the Morning (CDLM) questionnaire and to determine the clinical variables that are related to CDLM scores. Methods: This was an observational, cross-sectional, and multicenter study conducted in stable COPD patients. CDLM scores ranged from 0 to 5 and were transformed into a qualitative variable according to tertile values to compare patient characteristics. A multivariate linear regression model was used to identify the clinical variables related to CDLM scores. Results: A total of 605 patients were included in the study; the mean age (SD) was 68 years (9.1) and mostly were male (80.8%). The mean post-bronchodilator FEV1% was 53.4% (19.2%), and the mean BODEx (body mass index, airway obstruction, dyspnea, exacerbation) score was 3.2 (2.0). The mean COPD assessment test (CAT) score was 16.6 (8.3), and the mean CDLM score was 4.2 (0.9). First tertile patients, that is, those with a higher impact in the morning, were older, had more respiratory symptoms, more dyspnea, a lower FEV1%, lower CAT and BODEx scores, and more exacerbations. We found a ceiling effect on the CDLM scores: 194 (32%) patients scored 5.00 and no patients scored 0. On multivariate analysis, higher CAT and BODEx scores, a lower FEV1%, and use of long-term oxygen therapy (LTOT) were all independently related to lower CDLM scores. Conclusion: Morning respiratory symptoms are associated with more severe airflow obstruction, lower CAT and BODEx scores, and LTOT. The ceiling effect of the CDLM questionnaire does not allow it to discriminate well between low and high impact of morning symptoms.</subfield>
   </datafield>
   <datafield tag="653" ind2=" " ind1=" ">
      <subfield code="a">Ritmes circadiaris</subfield>
   </datafield>
   <datafield tag="653" ind2=" " ind1=" ">
      <subfield code="a">Qualitat de vida</subfield>
   </datafield>
   <datafield tag="653" ind2=" " ind1=" ">
      <subfield code="a">Malalties pulmonars obstructives cròniques</subfield>
   </datafield>
   <datafield tag="653" ind2=" " ind1=" ">
      <subfield code="a">Circadian rhythms</subfield>
   </datafield>
   <datafield tag="653" ind2=" " ind1=" ">
      <subfield code="a">Quality of life</subfield>
   </datafield>
   <datafield tag="653" ind2=" " ind1=" ">
      <subfield code="a">Chronic obstructive pulmonary diseases</subfield>
   </datafield>
   <datafield ind2="0" ind1="0" tag="245">
      <subfield code="a">Evaluating the impact of morning symptoms in COPD using the Capacity of Daily Living during the Morning (CDLM) questionnaire</subfield>
   </datafield>
</record></metadata></record></GetRecord></OAI-PMH>